Nba team leaders 2024-25 - Statistics

General Stats
  • This quiz has been taken 34 times
  • The average score is 100 of 150
Answer Stats
Team Stat Total Answer % Correct
Boston Celtics Points 1932 Jayson Tatum
100%
Boston Celtics Rebounds 623 Jayson Tatum
100%
Boston Celtics Assists 431 Jayson Tatum
100%
Boston Celtics Steals 76 Jayson Tatum
100%
Atlanta Hawks Points 1841 Trae Young
100%
Atlanta Hawks Assists 880 Trae Young
100%
Minnesota Timberwolves Points 2177 Anthony Edwards
96%
Minnesota Timberwolves Assists 359 Anthony Edwards
96%
Chicago Bulls Points 1509 Coby White
96%
Boston Celtics Blocks 80 Derrick White
96%
Golden State Warriors Steals 99 Draymond Green
96%
Golden State Warriors Blocks 70 Draymond Green
96%
Milwaukee Bucks Points 2036 Giannis Antetokounmpo
96%
Milwaukee Bucks Rebounds 798 Giannis Antetokounmpo
96%
Milwaukee Bucks Assists 433 Giannis Antetokounmpo
96%
Houston Rockets Points 1723 Jalen Green
96%
Los Angeles Clippers Points 1802 James Harden
96%
Los Angeles Clippers Assists 687 James Harden
96%
Charlotte Hornets Steals 74 Josh Green
96%
Charlotte Hornets Assists 346 LaMelo Ball
96%
Los Angeles Lakers Points 1710 LeBron James
96%
Los Angeles Lakers Rebounds 546 LeBron James
96%
Los Angeles Lakers Assists 575 LeBron James
96%
Denver Nuggets Points 2071 Nikola Jokić
96%
Denver Nuggets Rebounds 892 Nikola Jokić
96%
Denver Nuggets Assists 716 Nikola Jokić
96%
Denver Nuggets Steals 127 Nikola Jokić
96%
Minnesota Timberwolves Rebounds 785 Rudy Gobert
96%
Minnesota Timberwolves Blocks 104 Rudy Gobert
96%
Golden State Warriors Points 1718 Stephen Curry
96%
Golden State Warriors Assists 421 Stephen Curry
96%
Miami Heat Rebounds 749 Bam Adebayo
93%
Miami Heat Steals 98 Bam Adebayo
93%
Detroit Pistons Points 1830 Cade Cunningham
93%
Detroit Pistons Assists 638 Cade Cunningham
93%
Cleveland Cavaliers Assists 506 Darius Garland
93%
Cleveland Cavaliers Blocks 113 Evan Mobley
93%
Detroit Pistons Rebounds 807 Jalen Duren
93%
Dallas Mavericks Points 1234 Kyrie Irving
93%
Indiana Pacers Assists 673 Tyrese Haliburton
93%
Indiana Pacers Steals 105 Tyrese Haliburton
93%
Memphis Grizzlies Points 1641 Jaren Jackson Jr.
89%
Memphis Grizzlies Blocks 113 Jaren Jackson Jr.
89%
Cleveland Cavaliers Rebounds 798 Jarrett Allen
89%
Charlotte Hornets Points 1300 Miles Bridges
89%
Charlotte Hornets Rebounds 481 Miles Bridges
89%
Indiana Pacers Blocks 144 Myles Turner
89%
Indiana Pacers Points 1578 Pascal Siakam
89%
Indiana Pacers Rebounds 540 Pascal Siakam
89%
Miami Heat Points 1840 Tyler Herro
89%
Miami Heat Assists 424 Tyler Herro
89%
Houston Rockets Rebounds 786 Alperen Şengün
85%
Houston Rockets Assists 372 Alperen Şengün
85%
Los Angeles Lakers Blocks 90 Anthony Davis
85%
Cleveland Cavaliers Points 1701 Donovan Mitchell
85%
Cleveland Cavaliers Steals 95 Donovan Mitchell
85%
Charlotte Hornets Blocks 54 Mark Williams
85%
Houston Rockets Blocks 89 Amen Thompson
81%
Detroit Pistons Steals 98 Ausar Thompson
81%
Milwaukee Bucks Blocks 148 Brook Lopez
81%
New York Knicks Points 1759 Karl-Anthony Towns
81%
New York Knicks Rebounds 920 Karl-Anthony Towns
81%
Los Angeles Lakers Steals 81 Austin Reaves
78%
Los Angeles Clippers Rebounds 1010 Ivica Zubac
78%
Los Angeles Clippers Blocks 90 Ivica Zubac
78%
Brooklyn Nets Points 1070 Cameron Johnson
74%
Brooklyn Nets Steals 82 Keon Johnson
74%
Chicago Bulls Rebounds 735 Nikola Vučević
74%
Sacramento Kings Points 1710 DeMar DeRozan
70%
Phoenix Suns Points 1923 Devin Booker
70%
Phoenix Suns Assists 529 Devin Booker
70%
Sacramento Kings Rebounds 972 Domantas Sabonis
70%
Sacramento Kings Assists 423 Domantas Sabonis
70%
Atlanta Hawks Steals 229 Dyson Daniels
70%
New York Knicks Assists 475 Jalen Brunson
70%
Oklahoma City Thunder Points 2484 Shai Gilgeous-Alexander
70%
Oklahoma City Thunder Assists 486 Shai Gilgeous-Alexander
70%
Oklahoma City Thunder Steals 131 Shai Gilgeous-Alexander
70%
Oklahoma City Thunder Blocks 77 Shai Gilgeous-Alexander
70%
San Antonio Spurs Rebounds 506 Victor Wembanyama
70%
San Antonio Spurs Blocks 176 Victor Wembanyama
70%
Memphis Grizzlies Assists 369 Desmond Bane
67%
Chicago Bulls Assists 503 Josh Giddey
67%
Chicago Bulls Steals 84 Josh Giddey
67%
Sacramento Kings Blocks 69 Keegan Murray
67%
Phoenix Suns Blocks 77 Kevin Durant
63%
Philadelphia 76ers Points 1369 Tyrese Maxey
63%
Philadelphia 76ers Assists 317 Tyrese Maxey
63%
Orlando Magic Points 1449 Franz Wagner
59%
Orlando Magic Assists 284 Franz Wagner
59%
Minnesota Timberwolves Steals 110 Jaden McDaniels
59%
New York Knicks Steals 119 Josh Hart
59%
Brooklyn Nets Rebounds 515 Nic Claxton
59%
Brooklyn Nets Blocks 100 Nic Claxton
59%
Toronto Raptors Points 1252 Scottie Barnes
59%
Toronto Raptors Assists 378 Scottie Barnes
59%
Toronto Raptors Steals 93 Scottie Barnes
59%
San Antonio Spurs Assists 605 Chris Paul
56%
San Antonio Spurs Steals 103 Chris Paul
56%
New Orleans Pelicans Points 1183 CJ McCollum
56%
Dallas Mavericks Blocks 102 Daniel Gafford
56%
Detroit Pistons Blocks 101 Isaiah Stewart
52%
Phoenix Suns Steals 69 Tyus Jones
52%
Portland Trail Blazers Points 1348 Anfernee Simons
48%
Portland Trail Blazers Assists 337 Anfernee Simons
48%
Brooklyn Nets Assists 229 Ben Simmons
48%
Washington Wizards Points 1391 Jordan Poole
48%
Washington Wizards Steals 86 Jordan Poole
48%
Miami Heat Blocks 71 Kel'el Ware
48%
New York Knicks Blocks 65 OG Anunoby
48%
Orlando Magic Rebounds 492 Wendell Carter Jr.
48%
Memphis Grizzlies Rebounds 548 Zach Edey
48%
Oklahoma City Thunder Rebounds 611 Isaiah Hartenstein
44%
Atlanta Hawks Rebounds 660 Onyeka Okongwu
44%
Atlanta Hawks Blocks 68 Onyeka Okongwu
44%
Dallas Mavericks Rebounds 442 P.J. Washington
44%
San Antonio Spurs Points 1190 Stephon Castle
44%
Utah Jazz Rebounds 707 Walker Kessler
44%
Utah Jazz Blocks 138 Walker Kessler
44%
Golden State Warriors Rebounds 462 Kevon Looney
41%
Los Angeles Clippers Steals 128 Kris Dunn
37%
Washington Wizards Rebounds 435 Alex Sarr
33%
Washington Wizards Blocks 101 Alex Sarr
33%
Toronto Raptors Rebounds 547 Jakob Poeltl
33%
Toronto Raptors Blocks 71 Jakob Poeltl
33%
Orlando Magic Steals 99 Kentavious Caldwell-Pope
33%
Chicago Bulls Blocks 75 Matas Buzelis
33%
New Orleans Pelicans Assists 259 Jose Alvarado
30%
New Orleans Pelicans Steals 74 Jose Alvarado
30%
Memphis Grizzlies Steals 103 Scotty Pippen Jr.
30%
Dallas Mavericks Assists 349 Spencer Dinwiddie
30%
New Orleans Pelicans Rebounds 601 Yves Missi
30%
New Orleans Pelicans Blocks 98 Yves Missi
30%
Utah Jazz Points 1159 Collin Sexton
26%
Philadelphia 76ers Rebounds 395 Guerschon Yabusele
26%
Utah Jazz Assists 446 Isaiah Collier
26%
Utah Jazz Steals 66 Isaiah Collier
26%
Dallas Mavericks Steals 70 Naji Marshall
26%
Houston Rockets Steals 97 Tari Eason
26%
Portland Trail Blazers Rebounds 527 Donovan Clingan
22%
Portland Trail Blazers Blocks 110 Donovan Clingan
22%
Sacramento Kings Steals 121 Keon Ellis
22%
Denver Nuggets Blocks 93 Peyton Watson
22%
Portland Trail Blazers Steals 116 Toumani Camara
19%
Philadelphia 76ers Steals 92 Kelly Oubre Jr.
15%
Orlando Magic Blocks 98 Goga Bitadze
11%
Phoenix Suns Rebounds 455 Mason Plumlee
11%
Milwaukee Bucks Steals 76 Taurean Prince
11%
Philadelphia 76ers Blocks 69 Adem Bona
7%
Washington Wizards Assists 364 Bub Carrington
7%
No matching quizzes found
Score Distribution
Percent of People with Each Score
Percentile by Number Answered
Your Score History
You have not taken this quiz